Online
Catalog

Los apuntes de Malte Laurisds Bridge / (Record no. 23635)

MARC details
000 -CABECERA
campo de control de longitud fija 00930nam a2200241 a 4500
001 - NÚMERO DE CONTROL
campo de control 000024141
005 - FECHA Y HORA DE LA ÚLTIMA TRANSACCIÓN
campo de control 20200930022743.0
008 - DATOS DE LONGITUD FIJA--INFORMACIÓN GENERAL
campo de control de longitud fija 110119s1997 sp r 000 f spa d
020 ## - NÚMERO INTERNACIONAL ESTÁNDAR DEL LIBRO
Número Internacional Estándar del Libro 8420634050
040 ## - FUENTE DE LA CATALOGACIÓN
Centro catalogador/agencia de origen DO-SdBNP
Lengua de catalogación spa
Centro/agencia transcriptor BNPHU
041 17 - CÓDIGO DE LENGUA
Código de lengua del texto/banda sonora o título independiente spa
Código de lengua original eng
Fuente del código Código de idioma MARC
082 ## - NÚMERO DE LA CLASIFICACIÓN DECIMAL DEWEY
Número de clasificación NNN
Número de documento/Ítem R573a
049 ## - FONDOS LOCALES (OCLC)
Fondos de biblioteca BNGR
100 1# - ENTRADA PRINCIPAL--NOMBRE DE PERSONA
Nombre de persona Rilke, Rainer María,
Fechas asociadas al nombre 1875-1926.
9 (RLIN) 2953
240 10 - TÍTULO UNIFORME
Título uniforme Die aufzeichnungen des malte Laurids brigge.
Lenguaje de la obra Español.
245 10 - MENCIÓN DE TÍTULO
Título Los apuntes de Malte Laurisds Bridge /
Mención de responsabilidad, etc. Rainer María Rilke ; traducción de Francisco Ayala.
260 ## - PUBLICACIÓN, DISTRIBUCIÓN, ETC.
Lugar de publicación, distribución, etc. Madrid :
Nombre del editor, distribuidor, etc. Alianza Editorial,
Fecha de publicación, distribución, etc. 1997.
300 ## - DESCRIPCIÓN FÍSICA
Extensión 212 p. ;
Dimensiones 18 cm.
490 1# - MENCIÓN DE SERIE
Mención de serie El libro de bolsillo
-- literatura. Contemporáneos
Designación de volumen o secuencia 5502
534 ## - NOTA SOBRE LA VERSIÓN ORIGINAL
Encabezamiento principal del original Título original.
Mención de título del original Die aufzeichnungen des malte Laurids brigge
700 1# - PUNTO DE ACCESO ADICIONAL--NOMBRE DE PERSONA
Nombre de persona Ayala, Francisco Javier de
Término indicativo de función/relación tr.
9 (RLIN) 31481
830 #0 - PUNTO DE ACCESO ADICIONAL DE SERIE-TÍTULO UNIFORME
Título uniforme El libro de bolsillo ;
Nombre de parte o sección de la obra literatura. Contemporáneos
Designación de volumen o secuencia 5502
9 (RLIN) 49569
Holdings
Estado de retiro Estado de pérdida Restricciones de uso No para préstamo Código de colección Localización permanente Ubicación/localización actual Ubicación en estantería Fecha de adquisición Número de inventario Total de préstamos Signatura topográfica completa Código de barras Fecha visto por última vez Precio válido a partir de Tipo de ítem Koha
        Monografías: Libros y Folletos General General En catalogación 19.01.2011 LF1   NNN R573a 24141-10 25.06.2020 25.06.2020 Préstamo en sala

Powered by Koha